Prueba de Araba - Estadísticas

Estadísticas generales
  • Esta prueba ha sido intentada 13 veces
  • La puntuación promedio es 10 de 16
Estadísticas de respuestas
Pregunta Respuesta % Correcto
Capital de la provincia, capital también del País Vasco Vitoria-Gasteiz
100%
Municipio y enclave comarcal que, aunque esté ubicado en la provincia de Álava, pertenece a la vecina provincia de Burgos. Condado de Treviño
83%
Región en el sur de la provincia, famosa por su producción de vino. Rioja Alavesa
83%
Ex gimnasta, actriz y escritora nacida en la capital. Ha representado a España en las olimpiadas de 1996, 2000, 2004 y 2008. Almudena Cid
75%
Pico más alto de la provincia, rozando los 1500 metros sobre el nivel del mar. Su cima está coronada por una gran cruz y es un lugar de visita obligado para los montañeros vascos. Gorbea
75%
En dicha capital se libró una batalla en plena guerra de independencia contra este país Francia
67%
Actor, guionista y director nacido en la capital. Famoso por películas como Airbag u Ocho Apellidos Vascos. Karra Elejalde
67%
Empresa alavesa con sede en la capital, famosa por fabricar los naipes más utilizados en toda España. Naipes Heraclio Fournier S.A
67%
Cascada más grande de la península ibérica, superando los 220 metros de caída. Salto del Nervión
67%
Cantautor y músico nacido en la capital. Famoso por sus letras melancólicas, gozó de gran popularidad durante la primera década de los 2000. Álex Ubago
58%
Ex futbolista nacido en Laguardia. Pasó gran parte de su carrera profesional en el Athletic Club, donde se retiró, consagrandose como el segundo futbolista con más partidos oficiales en la historia del club. Óscar De Marcos
58%
Producto de la huerta que ha sido desde hace siglos la base de la alimentación alavesa. Patata
58%
Grupo de punk rock originario de Salvatierra. Conquistaron las décadas de 1980 y 1990 con sus letras ácidas y críticas. Tras varios años de separación en 2019 regresaron a los escenarios. La Polla Récords
50%
Festival de música celebrado en la capital con más de 20 ediciones. En él han participado artistas internacionales de la talla de Ozzy Osbourne, Iggy Pop, Bob Dylan, Kiss o The Who. Azkena Rock
33%
Ex atleta nacido en la capital. Cuarto clasificado a nivel europeo en maratón, representó a España en las olimpiadas de 1996 y 2000. Martín Fiz
25%
Plato elaborado con carne picada de cerdo y pimentón. Tradicionalmente se servía con huevos fritos. Txitxikis
0%
No se encontraron pruebas coincidentes
Distribución de puntuación
Porcentaje de gente con cada puntuación
Porcentaje por número respondido
Historial de tus puntuaciones
No has intentado esta prueba.